[Event "18. Open de Sants Hostafrancs 2016"]
[Site "Barcelona ESP"]
[Date "2016.08.20"]
[Round "2.43"]
[White "Brociner, Beniamino"]
[Black "Stella, Andrea"]
[Result "0-1"]
[WhiteElo "2184"]
[BlackElo "2415"]
[PlyCount "101"]
[EventDate "2016.08.19"]
[EventType "swiss"]
[EventRounds "10"]
[EventCountry "ESP"]
[SourceTitle "Ajedrez en Madrid"]
[Source "lmi"]
[SourceDate "2016.08.19"]

1. g3 c5 2. c4 g6 3. Bg2 Bg7 4. Nc3 Nc6 5. e4 d6 6. Nge2 e6 7. O-O Nge7 8. d3
a6 9. Be3 Nd4 10. Rb1 Nec6 11. a3 Qa5 12. Bxd4 Nxd4 13. Nxd4 Bxd4 14. Qa4+ Qxa4
15. Nxa4 Bd7 16. Nb6 Rb8 17. Nxd7 Kxd7 18. b4 b5 19. Rfd1 Rb6 20. Rb3 Rhb8 21.
Bf1 d5 22. Rdb1 Kc6 23. Be2 R6b7 24. Kg2 bxc4 25. dxc4 cxb4 26. axb4 a5 27. b5+
Kb6 28. Ra3 Ra7 29. Ra4 f5 30. Bd3 Rf8 31. f3 f4 32. Be2 g5 33. Rh1 Raf7 34.
Rf1 h5 35. Bd1 Rh7 36. Rh1 fxg3 37. hxg3 h4 38. Rh3 Rfh8 39. g4 Rc7 40. Be2 Bc5
41. Rh1 Bb4 42. Kh3 Rhc8 43. Rc1 Rf8 44. Rd1 Rf6 45. Rd4 Rc5 46. Rd1 Rc7 47.
Rd4 Bc5 48. Rd1 Rf4 49. Rd3 Rf6 50. Rd1 Ra7 51. Rd3 0-1

[Event "18. Open de Sants Hostafrancs 2016"]
[Site "Barcelona ESP"]
[Date "2016.08.20"]
[Round "2.44"]
[White "Mullon, Jean-baptiste"]
[Black "Forgues, Fabien"]
[Result "1-0"]
[WhiteElo "2412"]
[BlackElo "2182"]
[PlyCount "53"]
[EventDate "2016.08.19"]
[EventType "swiss"]
[EventRounds "10"]
[EventCountry "ESP"]
[SourceTitle "Ajedrez en Madrid"]
[Source "lmi"]
[SourceDate "2016.08.19"]

1. e4 e5 2. Nf3 Nc6 3. Nc3 Nf6 4. g3 Bb4 5. Bg2 d6 6. d3 Bxc3+ 7. bxc3 O-O 8.
c4 Re8 9. O-O Nd7 10. Nh4 Nf8 11. Qh5 g6 12. Qh6 Qf6 13. Nf5 Ne6 14. Ne3 Qg7
15. Qh4 f6 16. Nd5 g5 17. Qh5 Rf8 18. Rb1 b6 19. f4 Bd7 20. Kh1 h6 21. Bd2 Rac8
22. Bh3 Ncd8 23. fxe5 fxe5 24. Rxf8+ Nxf8 25. Bxd7 Nxd7 26. Qe8+ Kh7 27. Rf1
1-0

[Event "18. Open de Sants Hostafrancs 2016"]
[Site "Barcelona ESP"]
[Date "2016.08.20"]
[Round "2.45"]
[White "Ginovart, Axel"]
[Black "Fernandez, Fernando"]
[Result "0-1"]
[WhiteElo "2179"]
[BlackElo "2406"]
[PlyCount "54"]
[EventDate "2016.08.19"]
[EventType "swiss"]
[EventRounds "10"]
[EventCountry "ESP"]
[SourceTitle "Ajedrez en Madrid"]
[Source "lmi"]
[SourceDate "2016.08.19"]

1. e4 c5 2. Nc3 d6 3. f4 g6 4. Nf3 Bg7 5. Bc4 Nc6 6. O-O e6 7. f5 exf5 8. d3
Nge7 9. Qe1 h6 10. Qg3 g5 11. Nb5 Ne5 12. exf5 Nxc4 13. dxc4 Nxf5 14. Qe1+ Kf8
15. g4 a6 16. gxf5 axb5 17. cxb5 g4 18. Nd2 Bd4+ 19. Kh1 b6 20. c3 Bb7+ 21. Ne4
Qh4 22. Qe2 Re8 23. Rf4 Rxe4 24. Rxe4 g3 25. cxd4 Bxe4+ 26. Kg1 gxh2+ 27. Qxh2
Qe1# 0-1

[Event "18. Open de Sants Hostafrancs 2016"]
[Site "Barcelona ESP"]
[Date "2016.08.20"]
[Round "2.47"]
[White "Gual Pascual, Antonio"]
[Black "Meylan, Andre"]
[Result "1-0"]
[WhiteElo "2397"]
[BlackElo "2175"]
[PlyCount "41"]
[EventDate "2016.08.19"]
[EventType "swiss"]
[EventRounds "10"]
[EventCountry "ESP"]
[SourceTitle "Ajedrez en Madrid"]
[Source "lmi"]
[SourceDate "2016.08.19"]

1. d4 e6 2. Nf3 Nf6 3. Bf4 c5 4. e3 b6 5. c3 Be7 6. h3 O-O 7. Nbd2 cxd4 8. exd4
d6 9. Bd3 Bb7 10. O-O Nbd7 11. Re1 Re8 12. Bh2 Nf8 13. a4 a6 14. Nc4 Ng6 15. a5
b5 16. Nb6 Rb8 17. b3 Nd5 18. Nxd5 Bxd5 19. c4 Bc6 20. d5 bxc4 21. Bxg6 1-0

[Event "18. Open de Sants Hostafrancs 2016"]
[Site "Barcelona ESP"]
[Date "2016.08.20"]
[Round "2.48"]
[White "Lapshun, Yury"]
[Black "Ciolek, Andreas"]
[Result "1-0"]
[WhiteElo "2396"]
[BlackElo "2168"]
[PlyCount "133"]
[EventDate "2016.08.19"]
[EventType "swiss"]
[EventRounds "10"]
[EventCountry "ESP"]
[SourceTitle "Ajedrez en Madrid"]
[Source "lmi"]
[SourceDate "2016.08.19"]

1. e4 c5 2. Nc3 a6 3. f4 Nc6 4. Nf3 g6 5. g3 Bg7 6. Bg2 d6 7. d3 e6 8. Be3 Nd4
9. O-O Ne7 10. Qd2 O-O 11. Qf2 Nec6 12. Rae1 Rb8 13. Kh1 b5 14. e5 dxe5 15.
Nxe5 Nxe5 16. fxe5 Bxe5 17. Ne4 Bb7 18. c3 Bxe4 19. Bxe4 Nf5 20. Bxc5 Bd6 21.
Ba7 Rc8 22. Bxf5 exf5 23. Bd4 Qc7 24. g4 f4 25. Qh4 f5 26. Re6 Bc5 27. Bxc5
Qxc5 28. Re7 Rf7 29. Rxf7 Qd5+ 30. Kg1 Qxf7 31. gxf5 Qxf5 32. Qxf4 Qd5 33. Qe4
Qxe4 34. dxe4 Re8 35. Re1 Kf7 36. Kf2 Ke6 37. Ke3 g5 38. Rf1 Rg8 39. Rf5 h5 40.
a3 h4 41. h3 g4 42. hxg4 Rxg4 43. Rh5 Rg2 44. b4 Ra2 45. Rh6+ Ke5 46. Rxh4 Rxa3
47. Rh5+ Kd6 48. Kd4 Ra1 49. e5+ Kc6 50. Rh6+ Kb7 51. Kc5 Re1 52. Rh7+ Kc8 53.
Kc6 Kd8 54. Kb6 Rxe5 55. Kxa6 Re3 56. Kxb5 Rxc3 57. Kb6 Rg3 58. b5 Rg6+ 59. Kb7
Rg1 60. b6 Rb1 61. Ka7 Ra1+ 62. Kb8 Rb1 63. b7 Rb2 64. Rh3 Rb4 65. Ra3 Kd7 66.
Ka8 Kc7 67. Ra7 1-0

[Event "18. Open de Sants Hostafrancs 2016"]
[Site "Barcelona ESP"]
[Date "2016.08.20"]
[Round "2.49"]
[White "Pitzanti, Matteo"]
[Black "Aguero Jimenez, Luis Lazaro"]
[Result "0-1"]
[WhiteElo "2175"]
[BlackElo "2388"]
[PlyCount "84"]
[EventDate "2016.08.19"]
[EventType "swiss"]
[EventRounds "10"]
[EventCountry "ESP"]
[SourceTitle "Ajedrez en Madrid"]
[Source "lmi"]
[SourceDate "2016.08.19"]

1. e4 c6 2. Nc3 d5 3. Nf3 dxe4 4. Nxe4 Nf6 5. Ng3 h5 6. h3 h4 7. Ne2 Qa5 8. Nc3
Bf5 9. d4 e6 10. Bd2 Nbd7 11. Bc4 Qc7 12. Qe2 Be7 13. O-O-O b5 14. Bd3 b4 15.
Ne4 Nd5 16. Kb1 Rb8 17. Ka1 a5 18. Nc5 Bxd3 19. Nxd3 a4 20. Nfe5 a3 21. b3 Qb6
22. Be3 N7f6 23. Qf3 Rh5 24. g4 hxg3 25. Qxg3 g6 26. Nxc6 Rc8 27. Nxe7 Kxe7 28.
Nc5 Nxe3 29. Qxe3 Nd5 30. Qd3 Nc3 31. Rd2 Rd5 32. Qg3 Qd8 33. Nd3 Kf8 34. Qf3
Rxd4 35. Re1 Qc7 36. Qf6 Nb5 37. Rxe6 Qc3+ 38. Kb1 Rxd3 39. Qe7+ Kg8 40. Rxg6+
fxg6 41. Qe6+ Kg7 42. Qe7+ Kh8 0-1

[Event "18. Open de Sants Hostafrancs 2016"]
[Site "Barcelona ESP"]
[Date "2016.08.20"]
[Round "2.50"]
[White "Kropff, Ricardo"]
[Black "Gemy, Jose Daniel"]
[Result "1/2-1/2"]
[WhiteElo "2169"]
[BlackElo "2384"]
[PlyCount "44"]
[EventDate "2016.08.19"]
[EventType "swiss"]
[EventRounds "10"]
[EventCountry "ESP"]
[SourceTitle "Ajedrez en Madrid"]
[Source "lmi"]
[SourceDate "2016.08.19"]

1. e4 e6 2. d4 d5 3. exd5 exd5 4. Nf3 Bd6 5. c4 Nf6 6. Nc3 O-O 7. Bg5 Re8+ 8.
Be2 dxc4 9. O-O h6 10. Bh4 Nbd7 11. Bxc4 Nb6 12. Bb3 Be6 13. Re1 Bxb3 14. Qxb3
Be7 15. Ne5 Nfd5 16. Bxe7 Rxe7 17. Ne4 a5 18. Rad1 Qe8 19. Nc5 c6 20. Qg3 f6
21. Nf3 Rxe1+ 22. Rxe1 Qf7 1/2-1/2

[Event "18. Open de Sants Hostafrancs 2016"]
[Site "Barcelona ESP"]
[Date "2016.08.20"]
[Round "2.51"]
[White "Konguvel, Ponnuswamy"]
[Black "Yuan, Ye"]
[Result "1-0"]
[WhiteElo "2379"]
[BlackElo "2166"]
[PlyCount "115"]
[EventDate "2016.08.19"]
[EventType "swiss"]
[EventRounds "10"]
[EventCountry "ESP"]
[SourceTitle "Ajedrez en Madrid"]
[Source "lmi"]
[SourceDate "2016.08.19"]

1. e4 c5 2. Nf3 e6 3. d4 cxd4 4. Nxd4 Nc6 5. Nc3 Qc7 6. Be3 a6 7. Qd2 Nf6 8.
O-O-O Bb4 9. f3 Ne7 10. Nde2 b5 11. Kb1 Ba5 12. Bf4 e5 13. Bg5 h5 14. h4 Bb7
15. Qd3 Rc8 16. a3 b4 17. axb4 Bxb4 18. Na2 Bc5 19. Nec3 Bd4 20. g3 d5 21. Bxf6
gxf6 22. exd5 Nxd5 23. Nxd5 Bxd5 24. c3 Bb3 25. Bh3 Bxd1 26. Bxc8 Qxc8 27. cxd4
Ba4 28. Nc3 Bd7 29. Ne4 Qc6 30. Rc1 Qb6 31. dxe5 fxe5 32. Qd5 f6 33. Nd6+ Ke7
34. Qf7+ Kxd6 35. Rd1+ Kc7 36. Rxd7+ Kb8 37. Rd3 Ka8 38. Rb3 Qc6 39. Rc3 Qd6
40. Qc4 Rd8 41. Qe4+ Ka7 42. Rc6 Qd3+ 43. Qxd3 Rxd3 44. Rxf6 e4 45. Kc2 Re3 46.
Kd2 Rb3 47. fxe4 Rxg3 48. e5 Rg4 49. Ke3 Kb7 50. Rf4 Rg2 51. Rf2 Rg4 52. Rf6
Rg2 53. Rf2 Rg4 54. Rc2 Rxh4 55. e6 Rg4 56. e7 Rg8 57. Kf4 h4 58. Re2 1-0

[Event "18. Open de Sants Hostafrancs 2016"]
[Site "Barcelona ESP"]
[Date "2016.08.20"]
[Round "2.52"]
[White "Lujan, Carolina"]
[Black "Sama Salinas, Hector"]
[Result "1-0"]
[WhiteElo "2378"]
[BlackElo "2157"]
[PlyCount "133"]
[EventDate "2016.08.19"]
[EventType "swiss"]
[EventRounds "10"]
[EventCountry "ESP"]
[SourceTitle "Ajedrez en Madrid"]
[Source "lmi"]
[SourceDate "2016.08.19"]

1. e4 e6 2. Qe2 Be7 3. f4 d5 4. d3 Nf6 5. e5 Nfd7 6. Nf3 c5 7. g3 Nc6 8. Bg2
O-O 9. O-O b5 10. a4 b4 11. b3 a5 12. Bb2 Nb6 13. Nbd2 Ba6 14. Rfd1 Qc7 15. h4
Rac8 16. Nh2 c4 17. bxc4 dxc4 18. dxc4 Nxc4 19. Nxc4 Nb8 20. Be4 Qxc4 21. Qf3
Qe2 22. Qxe2 Bxe2 23. Rd2 Ba6 24. Nf3 Rfd8 25. Rad1 Rxd2 26. Rxd2 Rd8 27. Bd4
Bc8 28. Bb6 Rxd2 29. Nxd2 Bd7 30. Bxa5 Bxa4 31. Nb3 Nc6 32. Bb6 f5 33. Bd3 Bd8
34. Bc5 Be7 35. Bb6 Bd8 36. Be3 Bxb3 37. cxb3 Na5 38. Bc2 Kf7 39. Kf2 Ke8 40.
h5 Kd7 41. Kf3 Kc6 42. g4 g6 43. gxf5 gxf5 44. Ke2 Bb6 45. Bd2 Bc5 46. Kd3 h6
47. Bd1 Kb6 48. Be1 Nc6 49. Bh4 Be7 50. Bf6 Bf8 51. Bf3 Kc5 52. Bh4 Be7 53.
Bxc6 Bxh4 54. Bd7 Kd5 55. Bb5 Bg3 56. Ke3 Bh2 57. Bc4+ Kc5 58. Bxe6 Bg1+ 59.
Kf3 Kd4 60. Bxf5 Kd5 61. Be4+ Ke6 62. Bb7 Bd4 63. Ke4 Bc3 64. f5+ Ke7 65. f6+
Kd7 66. Kf5 Bd4 67. e6+ 1-0

[Event "18. Open de Sants Hostafrancs 2016"]
[Site "Barcelona ESP"]
[Date "2016.08.20"]
[Round "2.53"]
[White "Zwirs, Nico"]
[Black "Martin Perez, Laura"]
[Result "1-0"]
[WhiteElo "2374"]
[BlackElo "2113"]
[PlyCount "125"]
[EventDate "2016.08.19"]
[EventType "swiss"]
[EventRounds "10"]
[EventCountry "ESP"]
[SourceTitle "Ajedrez en Madrid"]
[Source "lmi"]
[SourceDate "2016.08.19"]

1. e4 e5 2. Nf3 Nc6 3. Bc4 Bc5 4. d3 Nf6 5. O-O d6 6. c3 Bb6 7. a4 O-O 8. Bg5
h6 9. Bh4 Be6 10. Nbd2 a6 11. h3 Qe7 12. Re1 Ba7 13. Nf1 Bxc4 14. dxc4 Qe6 15.
Bxf6 Qxf6 16. Ne3 Bxe3 17. Rxe3 Qe6 18. Qd3 a5 19. Nh4 g6 20. Kh2 Kh7 21. Rf1
Ne7 22. g3 g5 23. Nf5 Nxf5 24. exf5 Qf6 25. Qe4 b6 26. Kg2 Rg8 27. Qg4 Qe7 28.
Rh1 Rad8 29. Qf3 f6 30. Re4 Qg7 31. Qg4 c6 32. h4 d5 33. hxg5 Qxg5 34. Qxg5
Rxg5 35. Reh4 h5 36. Rxh5+ Rxh5 37. Rxh5+ Kg7 38. cxd5 Rxd5 39. Rh4 Rd2 40. b4
axb4 41. Rxb4 Rc2 42. Rxb6 Rxc3 43. a5 Ra3 44. a6 c5 45. Kh3 Ra4 46. Rc6 Kh6
47. Rxf6+ Kg5 48. Rc6 c4 49. f6 Kg6 50. f7+ Kxf7 51. Kg4 Ra2 52. Kf5 Rxf2+ 53.
Kxe5 Ra2 54. Kd4 Ra4 55. Kc3 Ke7 56. g4 Kd7 57. Rg6 Ke7 58. g5 Kf7 59. Rc6 Kg7
60. g6 Kg8 61. Kd4 Kf8 62. Kc5 c3 63. Kb6 1-0

[Event "18. Open de Sants Hostafrancs 2016"]
[Site "Barcelona ESP"]
[Date "2016.08.20"]
[Round "2.54"]
[White "Delizia, Costantino"]
[Black "Panelo, Marcelo"]
[Result "0-1"]
[WhiteElo "2167"]
[BlackElo "2373"]
[PlyCount "68"]
[EventDate "2016.08.19"]
[EventType "swiss"]
[EventRounds "10"]
[EventCountry "ESP"]
[SourceTitle "Ajedrez en Madrid"]
[Source "lmi"]
[SourceDate "2016.08.19"]

1. e4 e5 2. Nf3 Nc6 3. Bb5 a6 4. Ba4 Nf6 5. O-O Be7 6. Re1 b5 7. Bb3 d6 8. c3
O-O 9. h3 Nd7 10. d4 Bf6 11. a4 Bb7 12. d5 Ne7 13. Na3 Nb6 14. axb5 axb5 15.
Be3 c6 16. dxc6 Bxc6 17. Bxb6 Qxb6 18. Nc2 Rxa1 19. Nxa1 Rd8 20. Nc2 Qb7 21.
Qe2 Ng6 22. Nb4 Nf4 23. Qe3 h6 24. Kh2 Rf8 25. g3 Ne6 26. Bd5 Bxd5 27. Nxd5 Bd8
28. Ra1 f5 29. Ra7 Qc6 30. Nd2 fxe4 31. Qxe4 Qc5 32. Ra8 Rxf2+ 33. Kh1 Rxd2 34.
Rxd8+ Nxd8 0-1

[Event "18. Open de Sants Hostafrancs 2016"]
[Site "Barcelona ESP"]
[Date "2016.08.20"]
[Round "2.55"]
[White "Gullaksen, Eirik"]
[Black "Peer, Michael"]
[Result "1-0"]
[WhiteElo "2361"]
[BlackElo "2099"]
[PlyCount "79"]
[EventDate "2016.08.19"]
[EventType "swiss"]
[EventRounds "10"]
[EventCountry "ESP"]
[SourceTitle "Ajedrez en Madrid"]
[Source "lmi"]
[SourceDate "2016.08.19"]

1. e4 e5 2. Nf3 Nc6 3. Bb5 Bc5 4. O-O d6 5. c3 a6 6. Bxc6+ bxc6 7. d4 exd4 8.
cxd4 Bb6 9. Qc2 Ne7 10. Bg5 f6 11. Be3 O-O 12. Re1 Bg4 13. Nbd2 Ba5 14. b4 Bb6
15. h3 Bh5 16. a4 a5 17. bxa5 Bxa5 18. Reb1 Kh8 19. g4 Bf7 20. Nc4 d5 21. Nxa5
Rxa5 22. Qc3 Qa8 23. e5 Bg6 24. Rb4 Be4 25. Nd2 fxe5 26. dxe5 Bg6 27. Nb3 d4
28. Rxd4 Rxe5 29. Rd7 Qe8 30. Qxe5 Qxd7 31. Bd4 Nf5 32. gxf5 Rxf5 33. Nc5 Rxe5
34. Nxd7 Rd5 35. Bc5 Rxd7 36. a5 Rd8 37. a6 Ra8 38. a7 Bf5 39. Ra3 Be6 40. Rf3
1-0

[Event "18. Open de Sants Hostafrancs 2016"]
[Site "Barcelona ESP"]
[Date "2016.08.20"]
[Round "2.56"]
[White "Perez Pastora, Evarist"]
[Black "Mihajlov, Sebastian"]
[Result "1-0"]
[WhiteElo "2158"]
[BlackElo "2356"]
[PlyCount "81"]
[EventDate "2016.08.19"]
[EventType "swiss"]
[EventRounds "10"]
[EventCountry "ESP"]
[SourceTitle "Ajedrez en Madrid"]
[Source "lmi"]
[SourceDate "2016.08.19"]

1. e4 e6 2. d4 d5 3. Nc3 Nf6 4. e5 Nfd7 5. f4 c5 6. Nf3 Nc6 7. Be3 a6 8. Qd2 b5
9. dxc5 Bxc5 10. O-O-O Qb6 11. Nd4 O-O 12. Kb1 Nxd4 13. Bxd4 Bxd4 14. Qxd4 Nc5
15. h4 b4 16. Ne2 a5 17. Nc1 Qc7 18. Rh3 Ba6 19. Bxa6 Rxa6 20. Nb3 Ne4 21. Nd2
Rc8 22. Rc1 Qb6 23. Rd3 Nc5 24. Rf3 a4 25. c3 b3 26. a3 Nd7 27. Rd3 Qc7 28. Re1
Nb8 29. f5 Nc6 30. Qf4 exf5 31. Rxd5 Ne7 32. Rd6 Ra5 33. Nc4 Nd5 34. Qd4 Rc5
35. Ne3 Nxe3 36. Rxe3 Rc4 37. Qd5 Rxh4 38. Re1 Qe7 39. e6 g6 40. exf7+ Qxf7 41.
Rd8+ 1-0

[Event "18. Open de Sants Hostafrancs 2016"]
[Site "Barcelona ESP"]
[Date "2016.08.20"]
[Round "2.57"]
[White "Webersberger, Johann"]
[Black "Fernandez Montero, Francisco M"]
[Result "1-0"]
[WhiteElo "2356"]
[BlackElo "2083"]
[PlyCount "49"]
[EventDate "2016.08.19"]
[EventType "swiss"]
[EventRounds "10"]
[EventCountry "ESP"]
[SourceTitle "Ajedrez en Madrid"]
[Source "lmi"]
[SourceDate "2016.08.19"]

1. d4 f5 2. Nc3 Nf6 3. Bg5 d5 4. e3 e6 5. Bd3 Be7 6. Nf3 O-O 7. Ne2 Qe8 8. O-O
h6 9. Bxf6 Bxf6 10. c4 c6 11. b4 Nd7 12. cxd5 cxd5 13. Rc1 Be7 14. Qb3 Nf6 15.
Ne5 g5 16. f3 Bd6 17. Nc3 a6 18. e4 dxe4 19. fxe4 Bxe5 20. dxe5 Ng4 21. exf5
Qd8 22. Ne4 Qd4+ 23. Nf2 Ne3 24. fxe6 Kh8 25. e7 1-0

[Event "18. Open de Sants Hostafrancs 2016"]
[Site "Barcelona ESP"]
[Date "2016.08.20"]
[Round "2.58"]
[White "Mihajlov, Svetoslav"]
[Black "Lorenzo De La Riva, Lazaro"]
[Result "1-0"]
[WhiteElo "2154"]
[BlackElo "2355"]
[PlyCount "187"]
[EventDate "2016.08.19"]
[EventType "swiss"]
[EventRounds "10"]
[EventCountry "ESP"]
[SourceTitle "Ajedrez en Madrid"]
[Source "lmi"]
[SourceDate "2016.08.19"]

1. d4 Nf6 2. Nf3 c5 3. d5 b5 4. c4 g6 5. cxb5 a6 6. b6 d6 7. Nc3 Nbd7 8. a4
Qxb6 9. a5 Qa7 10. e4 Bg7 11. h3 O-O 12. Be2 Rb8 13. O-O Ne8 14. Qc2 Nc7 15.
Be3 Qb7 16. Ra2 Qb3 17. Qxb3 Rxb3 18. Nd2 Rb8 19. Nc4 f5 20. f3 Nb5 21. Na4 Nd4
22. Bd3 Ne5 23. Nxe5 Bxe5 24. Nb6 fxe4 25. fxe4 Rxf1+ 26. Kxf1 Bb7 27. Nd7 Rc8
28. Nxe5 dxe5 29. Ra4 e6 30. Bxd4 exd4 31. dxe6 Bc6 32. Ra1 Kf8 33. Bxa6 Rb8
34. Rc1 Bxe4 35. Rxc5 Ke7 36. Re5 Bc6 37. Rc5 Be4 38. Re5 Bc6 39. Re2 Ra8 40.
Bc4 Rxa5 41. Rd2 Bb5 42. Rxd4 Ra4 43. b3 Bxc4+ 44. Rxc4 Ra1+ 45. Kf2 Rb1 46.
Rc3 Kxe6 47. Rf3 Rb2+ 48. Kg3 g5 49. Rc3 h5 50. Rc6+ Kf5 51. Rc5+ Kg6 52. Rb5
Rc2 53. Kf3 Rc3+ 54. Kf2 Rc2+ 55. Kg3 Rc3+ 56. Kh2 Rc1 57. Rb8 h4 58. b4 Rb1
59. b5 Kg7 60. b6 Kh7 61. g4 Rb2+ 62. Kg1 Rb3 63. Kg2 Rg3+ 64. Kh2 Rb3 65. b7
Kg7 66. Kg2 Rb2+ 67. Kf3 Rb3+ 68. Ke4 Rb4+ 69. Kf5 Rb5+ 70. Ke6 Rb6+ 71. Kd7
Rb1 72. Kc6 Re1 73. Kd6 Rd1+ 74. Ke6 Rb1 75. Re8 Rb6+ 76. Kf5 Rxb7 77. Kxg5 Kf7
78. Re5 Rb3 79. Kxh4 Kf6 80. Ra5 Kg6 81. Ra6+ Kg7 82. g5 Rb7 83. Kh5 Rc7 84. h4
Rb7 85. Ra4 Rc7 86. Kg4 Rb7 87. h5 Rc7 88. h6+ Kh7 89. Kh5 Rc5 90. Ra7+ Kg8 91.
Re7 Kh8 92. Kg6 Rc6+ 93. Kf5 Rc5+ 94. Kf6 1-0

[Event "18. Open de Sants Hostafrancs 2016"]
[Site "Barcelona ESP"]
[Date "2016.08.20"]
[Round "2.59"]
[White "Guichard, Pauline"]
[Black "Abad Sanmartin, Jorge"]
[Result "1-0"]
[WhiteElo "2353"]
[BlackElo "1970"]
[PlyCount "31"]
[EventDate "2016.08.19"]
[EventType "swiss"]
[EventRounds "10"]
[EventCountry "ESP"]
[SourceTitle "Ajedrez en Madrid"]
[Source "lmi"]
[SourceDate "2016.08.19"]

1. Nf3 d5 2. c4 c6 3. e3 Bg4 4. cxd5 Qxd5 5. Nc3 Bxf3 6. gxf3 Qd6 7. d4 Nd7 8.
f4 Rd8 9. Bd2 Ngf6 10. Bd3 c5 11. Qf3 cxd4 12. Nb5 Qb6 13. Rc1 Nc5 14. Rxc5
Qxc5 15. Qxb7 Nd5 16. Nxd4 1-0

[Event "18. Open de Sants Hostafrancs 2016"]
[Site "Barcelona ESP"]
[Date "2016.08.20"]
[Round "2.60"]
[White "Del Amo Carbo, Jordi"]
[Black "Colmenares, Aurelio"]
[Result "0-1"]
[WhiteElo "2151"]
[BlackElo "2350"]
[PlyCount "144"]
[EventDate "2016.08.19"]
[EventType "swiss"]
[EventRounds "10"]
[EventCountry "ESP"]
[SourceTitle "Ajedrez en Madrid"]
[Source "lmi"]
[SourceDate "2016.08.19"]

1. d4 d5 2. c4 c6 3. Nf3 Nf6 4. Nc3 e6 5. e3 Nbd7 6. Bd3 dxc4 7. Bxc4 b5 8. Bd3
Bb7 9. O-O Bd6 10. Qe2 a6 11. e4 e5 12. dxe5 Nxe5 13. Nxe5 Bxe5 14. Be3 O-O 15.
Rad1 Qe7 16. Bg5 h6 17. Bh4 c5 18. Bb1 Qe6 19. Rfe1 Rfe8 20. Bxf6 Qxf6 21. Nd5
Qe6 22. Ne3 g6 23. a4 c4 24. g3 Bg7 25. Ng2 Rac8 26. axb5 axb5 27. b3 Bc3 28.
Rf1 Bxe4 29. Nf4 Qc6 30. Bxe4 Qxe4 31. Qxe4 Rxe4 32. bxc4 bxc4 33. Nd5 Bg7 34.
Rfe1 Rxe1+ 35. Rxe1 Kf8 36. Re2 Rd8 37. Nb4 Bc3 38. Nc2 Bd2 39. Re4 c3 40. Kf1
Rb8 41. Ke2 Kg7 42. h4 f5 43. Rc4 Re8+ 44. Kd3 Re6 45. Rc7+ Kf6 46. Rc4 h5 47.
f4 Rd6+ 48. Rd4 Rb6 49. Rc4 Ke7 50. Ra4 Rd6+ 51. Rd4 Re6 52. Ra4 Kd7 53. Ra7+
Ke8 54. Ra8+ Kf7 55. Ra7+ Kf6 56. Ra1 Rd6+ 57. Kc4 Ke6 58. Ra5 Rb6 59. Kd3 Kf6
60. Ra7 Rd6+ 61. Kc4 Re6 62. Kd3 Be1 63. Ne3 Rd6+ 64. Ke2 Bxg3 65. Kf3 Be1 66.
Rc7 Bd2 67. Nc2 Rb6 68. Nd4 Rb1 69. Rc6+ Kf7 70. Rc7+ Ke8 71. Rg7 Rf1+ 72. Ke2
Rxf4 0-1

[Event "18. Open de Sants Hostafrancs 2016"]
[Site "Barcelona ESP"]
[Date "2016.08.20"]
[Round "2.61"]
[White "Cruz, Filemon"]
[Black "Bonvalot, Isabelle"]
[Result "1-0"]
[WhiteElo "2349"]
[BlackElo "1966"]
[PlyCount "57"]
[EventDate "2016.08.19"]
[EventType "swiss"]
[EventRounds "10"]
[EventCountry "ESP"]
[SourceTitle "Ajedrez en Madrid"]
[Source "lmi"]
[SourceDate "2016.08.19"]

1. c4 f5 2. d4 g6 3. g3 Bg7 4. Bg2 Nf6 5. Nf3 d6 6. b3 O-O 7. Bb2 a5 8. Nc3 Na6
9. O-O c5 10. e3 Rb8 11. Qe2 Bd7 12. Rfd1 Qe8 13. Rac1 b5 14. cxb5 Bxb5 15.
Nxb5 Qxb5 16. Qxb5 Rxb5 17. Bf1 Rb6 18. Bc4+ Kh8 19. Bxa6 Rxa6 20. dxc5 dxc5
21. Rxc5 a4 22. Rc7 axb3 23. axb3 Rb6 24. Rxe7 Rxb3 25. Be5 Nh5 26. Bxg7+ Nxg7
27. Rdd7 Rg8 28. Ng5 h6 29. Ne6 1-0

[Event "18. Open de Sants Hostafrancs 2016"]
[Site "Barcelona ESP"]
[Date "2016.08.20"]
[Round "2.62"]
[White "Mundet Riera, Jaume"]
[Black "Bergez, Luc"]
[Result "0-1"]
[WhiteElo "2150"]
[BlackElo "2344"]
[PlyCount "80"]
[EventDate "2016.08.19"]
[EventType "swiss"]
[EventRounds "10"]
[EventCountry "ESP"]
[SourceTitle "Ajedrez en Madrid"]
[Source "lmi"]
[SourceDate "2016.08.19"]

1. Nf3 g6 2. g3 Bg7 3. Bg2 e5 4. d3 d5 5. O-O Ne7 6. c4 d4 7. e3 dxe3 8. fxe3
e4 9. dxe4 Qxd1 10. Rxd1 Be6 11. Nbd2 Nbc6 12. Rb1 Rd8 13. b3 Bh6 14. Kf2 Nb4
15. Bb2 Nd3+ 16. Ke2 Nxb2 17. Rxb2 Nc6 18. Nf1 Rxd1 19. Kxd1 Ke7 20. Ke2 Bg7
21. Rd2 Bg4 22. h3 Bd7 23. Nd4 Ne5 24. Nh2 a6 25. Kf2 Ra8 26. Bf1 Ke8 27. Nhf3
Nxf3 28. Kxf3 Rd8 29. Rd3 Bc8 30. g4 Rd6 31. Be2 b6 32. b4 Bb7 33. g5 f5 34.
gxf6 Rxf6+ 35. Kg3 Bxe4 36. Rd1 Bf8 37. Bf3 Bxf3 38. Nxf3 Bxb4 39. e4 Rc6 40.
Rd4 Bc3 0-1

[Event "18. Open de Sants Hostafrancs 2016"]
[Site "Barcelona ESP"]
[Date "2016.08.20"]
[Round "2.63"]
[White "Liu, Manli"]
[Black "Diaz Camallonga, Carles"]
[Result "0-1"]
[WhiteElo "2062"]
[BlackElo "2336"]
[PlyCount "112"]
[EventDate "2016.08.19"]
[EventType "swiss"]
[EventRounds "10"]
[EventCountry "ESP"]
[SourceTitle "Ajedrez en Madrid"]
[Source "lmi"]
[SourceDate "2016.08.19"]

1. e4 e6 2. d4 d5 3. Nd2 a6 4. Ngf3 c5 5. exd5 exd5 6. dxc5 Bxc5 7. Nb3 Bb6 8.
Bd3 Qe7+ 9. Qe2 Bg4 10. Qxe7+ Nxe7 11. Nfd4 Nbc6 12. c3 Ne5 13. Bc2 Nc4 14. O-O
O-O 15. h3 Bd7 16. Nd2 Rfe8 17. N2f3 Rac8 18. Re1 Ng6 19. Rxe8+ Rxe8 20. Bd3 f6
21. b3 Nd6 22. Bb2 Ne5 23. Bf1 Ne4 24. Be2 Rc8 25. Rc1 Bb5 26. Nxb5 axb5 27.
Bxb5 Nxf2 28. Kf1 Ned3 29. Bxd3 Nxd3 30. Rc2 Nxb2 31. Rxb2 Rxc3 32. Rd2 Rc5 33.
Ke2 Ba5 34. Rb2 Bb4 35. Kd3 Kf7 36. Re2 Rc1 37. Nh4 g6 38. Nf3 Bc5 39. Kd2 Rf1
40. Kd3 Rf2 41. Rxf2 Bxf2 42. b4 Ke6 43. a4 Kd6 44. Ke2 Bg3 45. Kd3 Be5 46. Nd2
h5 47. Nb3 f5 48. Nc5 b6 49. Nb3 Kc6 50. Nd4+ Kc7 51. Nb5+ Kb7 52. Nc3 Kc6 53.
a5 bxa5 54. bxa5 g5 55. a6 Bxc3 56. Kxc3 f4 0-1

[Event "18. Open de Sants Hostafrancs 2016"]
[Site "Barcelona ESP"]
[Date "2016.08.20"]
[Round "2.64"]
[White "Tate, Alan"]
[Black "Brunner, Jan"]
[Result "1-0"]
[WhiteElo "2329"]
[BlackElo "1953"]
[PlyCount "81"]
[EventDate "2016.08.19"]
[EventType "swiss"]
[EventRounds "10"]
[EventCountry "ESP"]
[SourceTitle "Ajedrez en Madrid"]
[Source "lmi"]
[SourceDate "2016.08.19"]

1. e4 c5 2. Nf3 Nc6 3. Bb5 g6 4. O-O Bg7 5. Nc3 a6 6. Bxc6 dxc6 7. h3 e5 8. d3
Qe7 9. Bg5 Nf6 10. Qd2 h6 11. Be3 Nd7 12. Nh2 b5 13. Ne2 Nf8 14. c3 Ne6 15.
Rac1 Bb7 16. f4 exf4 17. Nxf4 O-O-O 18. Nxe6 Qxe6 19. Bxc5 Qxa2 20. Qf4 Rd7 21.
Ba7 Kd8 22. Qb8+ Bc8 23. Bb6+ Ke7 24. Bc5+ Kd8 25. Ra1 Qe6 26. Bb6+ Ke7 27.
Bc5+ Kd8 28. d4 Rb7 29. Qf4 Rd7 30. Qb8 Rb7 31. Qf4 Rd7 32. Ng4 h5 33. Nf2 Bh6
34. Qb8 Rb7 35. Qg3 Rd7 36. Qb8 Rb7 37. Qg3 Rd7 38. Nd3 h4 39. Qxh4+ Ke8 40.
Qg3 Bg7 41. d5 1-0